School for startups : (Record no. 20604)
[ view plain ]
| 000 -LEADER | |
|---|---|
| fixed length control field | 01114cam a22003015a 4500 |
| 001 - CONTROL NUMBER | |
| control field | 16681031 |
| 005 - DATE AND TIME OF LATEST TRANSACTION | |
| control field | 20201128021518.0 |
| 008 - FIXED-LENGTH DATA ELEMENTS--GENERAL INFORMATION | |
| fixed length control field | 110307t2011 nyu fr 001 0 eng d |
| 020 ## - INTERNATIONAL STANDARD BOOK NUMBER | |
| International Standard Book Number | 9780071753937 (alk. paper) |
| 020 ## - INTERNATIONAL STANDARD BOOK NUMBER | |
| International Standard Book Number | 0071753931 |
| 040 ## - CATALOGING SOURCE | |
| Original cataloging agency | DLC |
| Transcribing agency | DLC |
| Modifying agency | DLC |
| -- | EG-ScBUE |
| Language of cataloging | eng |
| 082 04 - DEWEY DECIMAL CLASSIFICATION NUMBER | |
| Classification number | 658.11 |
| Edition number | 22 |
| Item number | BEA |
| 100 1# - MAIN ENTRY--PERSONAL NAME | |
| Personal name | Beach, Jim |
| Fuller form of name | (James) |
| 9 (RLIN) | 38849 |
| 245 10 - TITLE STATEMENT | |
| Title | School for startups : |
| Remainder of title | the breakthrough course for guaranteeing small business success in 90 days or less / |
| Statement of responsibility, etc | by Jim Beach, Chris Hanks, and David Beasley. |
| 246 3# - VARYING FORM OF TITLE | |
| Title proper/short title | School for startups : |
| Remainder of title | the breakthrough course for guaranteeing small business success in ninety days or less / |
| 260 ## - PUBLICATION, DISTRIBUTION, ETC. (IMPRINT) | |
| Place of publication, distribution, etc | New York : |
| Name of publisher, distributor, etc | McGraw-Hill, |
| Date of publication, distribution, etc | c.2011. |
| 300 ## - PHYSICAL DESCRIPTION | |
| Extent | xv, 191 p. ; |
| Dimensions | 23 cm. |
| 500 ## - GENERAL NOTE | |
| General note | Index : p. 187-191. |
| 590 ## - LOCAL NOTE (RLIN) | |
| Local note | Nis. |
| 650 #7 - SUBJECT ADDED ENTRY--TOPICAL TERM | |
| Topical term or geographic name as entry element | New business enterprises |
| General subdivision | Management. |
| Source of heading or term | BUEsh |
| 9 (RLIN) | 33316 |
| 650 #7 - SUBJECT ADDED ENTRY--TOPICAL TERM | |
| Topical term or geographic name as entry element | Small business |
| General subdivision | Management. |
| Source of heading or term | BUEsh |
| 9 (RLIN) | 238 |
| 650 #7 - SUBJECT ADDED ENTRY--TOPICAL TERM | |
| Topical term or geographic name as entry element | Entrepreneurship. |
| Source of heading or term | BUEsh |
| 9 (RLIN) | 240 |
| 651 ## - SUBJECT ADDED ENTRY--GEOGRAPHIC NAME | |
| Source of heading or term | BUEsh |
| 653 ## - INDEX TERM--UNCONTROLLED | |
| Resource For college | BAEPS, Business Administration |
| Arrived date list | August2015 |
| -- | December2015 |
| 700 1# - ADDED ENTRY--PERSONAL NAME | |
| Personal name | Hanks, Chris. |
| 700 1# - ADDED ENTRY--PERSONAL NAME | |
| Personal name | Beasley, David. |
| 942 ## - ADDED ENTRY ELEMENTS (KOHA) | |
| Source of classification or shelving scheme | Dewey Decimal Classification |
| Withdrawn status | Lost status | Source of classification or shelving scheme | Damaged status | Not for loan | Koha collection | Home library | Current library | Shelving location | Date acquired | Source of acquisition | Cost, normal purchase price | Serial Enumeration / chronology | Total Checkouts | Total Renewals | Full call number | Barcode | Date last seen | Date last borrowed | Cost, replacement price | Koha item type |
|---|---|---|---|---|---|---|---|---|---|---|---|---|---|---|---|---|---|---|---|---|
| Dewey Decimal Classification | Baccah | Central Library | Central Library | First floor | 18/08/2015 | Purchase | 110.00 | 21758 | 1 | 11 | 658.11 BEA | 000039782 | 14/05/2026 | 04/03/2026 | 137.50 | Book - Borrowing |